000 00309nam a22001337a 4500
008 170725b xxu||||| |||| 00| 0 eng d
020 _a025211440797
041 _aeng
080 _a004
100 _a29
101 _aSHKI
245 _aACTIVE DIRECTORY FOR WINDOWS SERVER 2003
_cKING, R.R
942 _2udc
_cBK
999 _c21841
_d21841